| 000 | 00395nam a2200169Ia 4500 | ||
|---|---|---|---|
| 100 | _aKoletzke/Peter/ Mills/D | ||
| 650 | _aOracle | ||
| 942 | _cBK | ||
| 366 | _f15 | ||
| 654 | _aoracle J 10g PL/SQL | ||
| 245 | _aOracle J Developer 10g for forms and PL/SQL Developers | ||
| 260 |
_bOracle Press _c2007 |
||
| 082 |
_a005.133J/KOL _bKOL |
||
| 300 | _a570 | ||
| 546 | _aENGLISH | ||
| 999 |
_c27136 _d27136 |
||